000 00824nam a22002177a 4500
005 20240530110624.0
008 170101s2015 ua g b 000 0 ara d
017 _a2014/8799
_bمصر. دار الكتب
020 _a9789777351416
040 _aEG-CaGPL
_cEG-CaGPL
082 0 4 _221
_a214.5\
_bخ ع
100 0 _aخالد حربى .
245 1 2 _aالعالم الاسلامى اسس الحضارة الحديثة /
_cخالد حربى .
260 _aالاسكندرية :
_bدار الوفاء لدنيا الطباعة و النشر ،
_c2015
300 _a427 ص ؛
_c24 سم .
504 _aببليوجرافية : ص 413 - 424
650 0 7 _2qrmak
_aالحضارة الاسلامية .
650 0 7 _2qrmak
_aالاسلام و العلم .
942 _2ddc
_cBK
999 _c63115
_d63115